00639nam a2200145Ia 4500008004100000050002300041100002000064245015600084260008600240300002000326521001500346942000700361999001900368952010600387140724s9999 xx 000 0 und d aBF 723b.It89 2013 aIto, Seiichi L. aLevel of social media usage and interpersonal relations of selected college students of Southville International School and Colleges /cSeiichi L. Ito. aLas Piñas, Philippines :bSouthville International School and Colleges,cc2013. a65 p. :c28 cm. aPsychology cTH c229143d229143 001040aCLbCLcTHESESd2014-07-24l0oBF 723 .It89 2013pT0497r2018-05-15 00:00:00w2014-07-24yTH